000 00909nam a22002897a 4500
001 BR8007048
003 BR-BrBNA
005 20230928090823.0
007 ta
008 230509b bl.||||| |||| 00| 0 por d
040 _aBR-BrBNA
_bpor
_cBiblioteca Nacional de Agricultura
041 _a(Por)
072 _aE70
_b/G514
090 _ E70 BR8007048
110 1 _aCentrais de Abastecimento do Para S.A., Belem (Brasil)
_91378
245 1 _aAspectos da comercializacao de produtos hortigranjeiros na cidade de Santarem [Para, Brasil]
260 3 _aBelem, PA (Brasil):
_c1980.
300 _a114 p.
500 _a(*) Documento disponível no(a) Secretaria de Estado de Agricultura do Para, Belem (Brazil)
650 _aCOMERCIALIZACAO
650 _aPOLITICA DE ABASTECIMENTO
650 _aTRANSPORTE
650 _aSANTAREM
650 _aPARA
909 _a202309
_bLucia
_c55
_dLucia Elande
942 _cBK
999 _c30721
_d30721